| 000 | 01296nam a22002657a 4500 | ||
|---|---|---|---|
| 005 | 20240530110915.0 | ||
| 008 | 220214s1975 ua g 000 0 ara d | ||
| 017 | _bمصر. دار الكتب | ||
| 040 |
_aEG-CaGPL _cEG-CaGPL |
||
| 082 | 0 | 4 |
_221 _a415.5 / _bا ش |
| 100 | 0 | _aالشيخ رضى الدين محمد بن الحسن الاستراباذى النحوى 686 هـ | |
| 245 | 1 | 0 |
_aشرح شافية ابن الحاجب مع شرح شواهده / _c تاليف / الشيخ رضى الدين محمد بن الحسن الاستراباذى النحوى 686 هـ ، تحقيق محمد نور الحسن ، محمد الزقراف ، محمد محيى الدين عبد الحميد |
| 246 | _aشرح شواهده للعالم عبدالقادر البغدادى صاحب خزانة الادب | ||
| 250 | _aط. 1 | ||
| 260 |
_aبيروت : _bدار الفكر العربى، _c1975 |
||
| 300 |
_aمتعدد ص. ؛ _c24 سم |
||
| 650 | 0 | 7 |
_2qrmak _aاللغة العربية |
| 650 | 0 | 7 |
_2qrmak _aالتراجم |
| 651 | _2qrmak | ||
| 700 |
_aمحمد نور الحسن _eتحقيق |
||
| 700 |
_aمحمد محيى الدين عبدالحميد _eتحقيق |
||
| 700 |
_aمحمد الزقراف _eتحقيق |
||
| 942 |
_2ddc _cBK |
||
| 999 |
_c66374 _d66374 |
||